Código Civil (Registro nro. 1490)

Detalles MARC
000 -LEADER
fixed length control field 00562 a2200181 4500
001 - CONTROL NUMBER
control field 26709
005 - DATE AND TIME OF LATEST TRANSACTION
control field 20260407155545.0
008 - FIXED-LENGTH DATA ELEMENTS--GENERAL INFORMATION
fixed length control field 260407a1957 arg spa d
003 - CONTROL NUMBER IDENTIFIER
control field AR-UNSa-BCEJYS
040 ## - CATALOGING SOURCE
Original cataloging agency AR-UNSa-BCEJYS
Language of cataloging spa
Transcribing agency AR-UNSa-BCEJYS
080 ## - UNIVERSAL DECIMAL CLASSIFICATION NUMBER
Universal Decimal Classification number 347(094.4)
Common auxiliary subdivision Código Civil
100 1# - MAIN ENTRY--PERSONAL NAME
Personal name Argentina [Código Civil]
245 10 - TITLE STATEMENT
Title Código Civil
Name of part/section of a work con las notas de Vélez Sarfield y Leyes complementarias
264 #1 - PRODUCTION, PUBLICATION, DISTRIBUTION, MANUFACTURE, AND COPYRIGHT NOTICE
Place of production, publication, distribution, manufacture Buenos Aires :
Name of producer, publisher, distributor, manufacturer Roque Depalma Editor
Date of production, publication, distribution, manufacture, or copyright notice 1957
300 ## - PHYSICAL DESCRIPTION
Extent 1086 p.
Dimensions 20 cm.
590 ## - LOCAL NOTE (RLIN)
Local note niveau_biblio:m niveau_hierar:0
942 ## - ADDED ENTRY ELEMENTS (KOHA)
Koha item type
Existencias
Withdrawn status Lost status Damaged status Not for loan Home library Current library Shelving location Date acquired Total checkouts Full call number Barcode Date last seen Price effective from Koha item type
        Biblioteca Prof. Eusebio Cleto del Rey Biblioteca Prof. Eusebio Cleto del Rey   07/04/2026   347(094.4) A691r/57 L20438 07/04/2026 07/04/2026 Libro